|
|
|
|
| LEADER |
00000nam0a2200000 4500 |
| 001 |
359955 |
| 005 |
20231102011233.0 |
| 035 |
|
|
|a (RuTPU)RU\TPU\retro\17262
|
| 090 |
|
|
|a 359955
|
| 100 |
|
|
|a 20210210d1985 m y0rusy50 ca
|
| 101 |
2 |
|
|a rus
|c fre
|c vie
|
| 102 |
|
|
|a RU
|
| 105 |
|
|
|a y z 001ay
|
| 200 |
1 |
|
|a Избранные стихи и проза
|e пер. с вьет., фр.
|f Хо Ши Мин
|g сост. М. Ткачева
|
| 210 |
|
|
|a Москва
|c Художественная литература
|d 1985
|
| 215 |
|
|
|a 271 с.
|
| 320 |
|
|
|a Основные даты жизни и деятельности Хо Ши Мина: с. 261-265
|
| 606 |
1 |
|
|a Вьетнамская литература
|2 stltpush
|3 (RuTPU)RU\TPU\subj\4500
|9 32767
|
| 610 |
1 |
|
|a художественная литература
|
| 610 |
1 |
|
|a стихи
|
| 610 |
1 |
|
|a проза
|
| 675 |
|
|
|a 895.27
|v 4
|
| 700 |
|
0 |
|a Хо Ши Мин
|c президент Вьетнама
|f 1890-1969
|2 stltpush
|3 (RuTPU)RU\TPU\pers\7189
|4 070
|9 1340
|
| 702 |
|
1 |
|a Ткачева
|b М.
|4 220
|
| 801 |
|
1 |
|a RU
|b 63413507
|c 20210210
|
| 801 |
|
2 |
|a RU
|b 63413507
|c 20220113
|g RCR
|
| 942 |
|
|
|c BK
|